Διοίκηση Προσωπικού (Record no. 989)
[ view plain ]
| 000 -LEADER | |
|---|---|
| fixed length control field | 03347cam a22002054a 4500 |
| 005 - ΗΜΕΡΟΜΗΝΙΑ ΚΑΙ ΩΡΑ ΤΕΛΕΥΤΑΙΑΣ ΕΝΗΜΕΡΩΣΗΣ | |
| Πεδίο ελέγχου | 20250605163952.0 |
| 008 - FIXED-LENGTH DATA ELEMENTS--GENERAL INFORMATION | |
| Πεδίο ελέγχου σταθερού μήκους | 250528s ||||||||||||||||||||||||d |
| 035 ## - SYSTEM CONTROL NUMBER | |
| System control number | 15407 |
| 020 ## - ISBN | |
| ISBN | 9607344073 |
| 040 ## - ΠΗΓΗ ΚΑΤΑΛΟΓΟΓΡΑΦΗΣΗΣ | |
| Φορέας πρωτότυπης καταλογογράφησης | MC Athens Campus Library |
| Γλώσσα καταλογογράφησης | Ελληνικά, Μοντέρνα (1453-) |
| Modifying agency | MC Athens Campus Library |
| Κανόνες περιγραφικής καταλογογράφησης | AACR2 |
| 245 1# - ΤΙΤΛΟΣ ΚΑΙ ΔΗΛΩΣΗ ΥΠΕΥΘΥΝΟΤΗΤΑΣ | |
| Τίτλος | Διοίκηση Προσωπικού |
| 260 ## - PUBLICATION, DISTRIBUTION, ETC. | |
| Name of publisher, distributor, etc. | Σύγχρονη Εκδοτική, |
| Date of publication, distribution, etc. | 1992 |
| 300 ## - PHYSICAL DESCRIPTION | |
| Extent | 184 |
| 505 0# - FORMATTED CONTENTS NOTE | |
| Formatted contents note | Η Επιχείρηση Γενικά, Έννοια και Χαρακτηριστικά Γνωρίσματα της Επιχείρησης, Παράγοντες Ανάπτυξης και Λειτουργίας της Επιχείρησης, Σύγχρονη Ανάπτυξη και Οργάνωση της Επιχείρησης, Διοίκηση Προσωπικού, Έννοια και Ανάλυση, Αρμοδιότητες της Υπηρεσίας Προσωπικού, Μεταβολές της Υπηρεσιακής Κατάστασης του Προσωπικού, Προγραμματισμός Ανθρώπινου Δυναμικού, Ρόλος και Αποστολή των Διοικητικών Στελεχών στην Επιχείρηση, Μέθοδοι Αξιολόγησης Προσωπικού, Υποκίνηση Προσωπικού, Πολιτική Μισθών και Ημερομίσθιων, Υγεία και Ασφάλεια του Εργαζόμενου, Φυσικές Συνθήκες Εργασίας, Έλεγχος του Περιβάλλοντος - Βιομηχανική Υγιεινή, Πρόσθετες Παροχές στους Εργαζομένους, Εκπαίδευση Προσωπικού, Συμμετοχική Διοίκηση, Μορφές Συμμετοχής στην Ελλάδα, Σοσιαλιστική Επιχείρηση, Βιβλιογραφία. |
| 520 ## - SUMMARY, ETC. | |
| Summary, etc. | Η Επιχείρηση Γενικά, Έννοια και Χαρακτηριστικά Γνωρίσματα της Επιχείρησης, Παράγοντες Ανάπτυξης και Λειτουργίας της Επιχείρησης, Σύγχρονη Ανάπτυξη και Οργάνωση της Επιχείρησης, Διοίκηση Προσωπικού, Έννοια και Ανάλυση, Αρμοδιότητες της Υπηρεσίας Προσωπικού, Μεταβολές της Υπηρεσιακής Κατάστασης του Προσωπικού, Προγραμματισμός Ανθρώπινου Δυναμικού, Ρόλος και Αποστολή των Διοικητικών Στελεχών στην Επιχείρηση, Μέθοδοι Αξιολόγησης Προσωπικού, Υποκίνηση Προσωπικού, Πολιτική Μισθών και Ημερομίσθιων, Υγεία και Ασφάλεια του Εργαζόμενου, Φυσικές Συνθήκες Εργασίας, Έλεγχος του Περιβάλλοντος - Βιομηχανική Υγιεινή, Πρόσθετες Παροχές στους Εργαζομένους, Εκπαίδευση Προσωπικού, Συμμετοχική Διοίκηση, Μορφές Συμμετοχής στην Ελλάδα, Σοσιαλιστική Επιχείρηση, Βιβλιογραφία. |
| 700 1# - ΠΡΟΣΘΕΤΗ ΑΝΑΓΡΑΦΗ--ΦΥΣΙΚΟ ΠΡΟΣΩΠΟ | |
| Personal name | Μαντάς Νικόλαος Β |
| 9 (RLIN) | 1326 |
| 942 ## - ADDED ENTRY ELEMENTS (KOHA) | |
| Koha item type | Books |
| Τύπος τεκμηρίου | Βιβλιοθήκη | Τρέχουσα τοποθεσία | Barcode | Αριθμός εισαγωγής | Ημερομηνία απόκτησης | Ταξιθετικό σύμβολο | Αριθμός αντιτύπου | Κατάσταση απόσυρσης | Κατάσταση χαμένου | Κατάσταση κατεστραμμένου | Μη δανεισμός | Σύνολο δανεισμών | Ημερομηνία τελευταίας εμφάνισης | Η τιμή ισχύει από |
|---|---|---|---|---|---|---|---|---|---|---|---|---|---|---|
| Books | MC Athens Campus Library | MC Athens Campus Library | 9780000009883 | 1742 | 05/06/2025 | 658.3 ΜΑΝ | 1 | 05/06/2025 | 05/06/2025 |